000 01038cam a2200337 i 4500
001 768714001
003 CO-MdFUSB
005 20230202110532.0
007 ta
008 220621t1992 sp |||| |||| 00| 0 spa d
020 _a8471516675
040 _bspa.
_aCO-MdFUSB
_cCO-MdFUSB
_dCO-MdFUSBC
_erda
041 _aspa
082 0 4 _a223.2
_bS337s
_223
100 1 _aAlonso Schokel, Luis (1920-1998)
_eautor
245 1 0 _aSalmos : Traducción, introducciones y comentario
_c/ Luis Alonso Schökel , Cecilia Carniti
250 _asegunda edición
264 1 _aNavarra, España :
_bVerbo Divino,
_c[1992]
264 4 _c© 1992
300 _a1669 Páginas
_c; 24 cm
336 _2rdacontent
_atexto
_btxt
337 _2rdamedia
_asin mediación
_bn
338 _2rdacarrier
_avolumen
_bnc
505 _aTomo I : Salmos 1-72. Tomo II : Salmos 73-150
563 _aPasta dura
630 0 7 _aBiblia.
_pAntiguo Testamento
630 0 7 _aBiblia.
_pSalmos
700 _97780
_aCarniti, Cecilia.
_eautor
942 _cREF
945 _aJTF-925
999 _c33623
_d33623